[Event "ECC"]
[Site "Halkidiki GRE"]
[Date "2002.09.25"]
[Round "4"]
[White "Mitkov,N"]
[Black "Apicella,M"]
[Result "1/2-1/2"]
[WhiteElo "2493"]
[BlackElo "2510"]
[EventDate "2002.09.22"]

1. e4 e6 2. d4 d5 3. Nc3 Bb4 4. e5 c5 5. a3 Bxc3+ 6. bxc3 Ne7 7. Qg4 O-O 8.
Bd3 Nbc6 9. Nf3 f5 10. Qh3 Qa5 11. Bd2 Qa4 12. dxc5 Ng6 13. Qg3 Qg4 14. O-O
Qxg3 15. hxg3 Ngxe5 16. Nxe5 Nxe5 17. Rfe1 Nxd3 18. cxd3 Bd7 19. Rab1 b6
20. cxb6 axb6 21. Rxb6 Rxa3 22. Rb7 Rf7 23. Rc7 Ra8 24. Bf4 1/2-1/2

[Event "ECC"]
[Site "Halkidiki GRE"]
[Date "2002.09.25"]
[Round "4"]
[White "Atlas,V"]
[Black "Efimenko,Z"]
[Result "1/2-1/2"]
[WhiteElo "2501"]
[BlackElo "2557"]
[EventDate "2002.09.22"]

1. e4 c5 2. Nf3 d6 3. d4 cxd4 4. Nxd4 Nf6 5. Nc3 a6 6. Be3 e5 7. Nf3 Be7 8.
Bc4 O-O 9. O-O Be6 10. Bb3 b5 11. Bg5 Nbd7 12. Bxf6 Nxf6 13. Re1 Rc8 14.
Rc1 Rc6 15. Qd3 Qd7 16. Ng5 Bc4 17. Bxc4 Rxc4 18. Nf3 Rfc8 19. Re2 Qb7 20.
a3 b4 21. axb4 Qxb4 22. Nd1 Qb7 23. Nd2 Rd4 24. Qf3 Rc7 25. b3 d5 26. exd5
Ba3 27. Ra1 Rxc2 28. Ne4 Rxe2 29. Nxf6+ gxf6 30. Qxe2 Qxb3 31. Ne3 Qd3
1/2-1/2

[Event "ECC"]
[Site "Halkidiki GRE"]
[Date "2002.09.25"]
[Round "4"]
[White "Miroshnichenko,E"]
[Black "Gustafsson,J"]
[Result "1/2-1/2"]
[WhiteElo "2525"]
[BlackElo "2542"]
[EventDate "2002.09.22"]

1. e4 e5 2. Bc4 Nf6 3. d3 Nc6 4. Nc3 Na5 5. Nge2 Nxc4 6. dxc4 Bc5 7. O-O d6
8. Qd3 Be6 9. b3 O-O 10. Bb2 a6 11. Rad1 Kh8 12. Na4 Nd7 13. Nxc5 Nxc5 14.
Qe3 Qe7 15. f4 exf4 16. Rxf4 f6 17. a4 Nd7 18. Rdf1 Ne5 19. Ng3 Rae8 20. h3
Bd7 21. a5 Ng6 22. R4f2 Bc6 23. Qd2 Qd7 24. Qd4 Re5 25. Rf5 Rfe8 26. Rxe5
fxe5 27. Qe3 Rf8 28. Rxf8+ Nxf8 29. c5 Ne6 30. cxd6 Qxd6 1/2-1/2

[Event "ECC"]
[Site "Halkidiki GRE"]
[Date "2002.09.25"]
[Round "4"]
[White "Naumann,A"]
[Black "Areshchenko,A"]
[Result "1/2-1/2"]
[WhiteElo "2507"]
[BlackElo "2533"]
[EventDate "2002.09.22"]

1. e4 c5 2. Nf3 d6 3. d4 cxd4 4. Nxd4 Nf6 5. Nc3 a6 6. Bc4 e6 7. Bb3 b5 8.
Bg5 Be7 9. Qf3 Qb6 10. O-O-O O-O 11. Rhe1 Bb7 12. Qg3 Nc6 13. Nxc6 Qxc6 14.
Bh6 Ne8 15. f4 Kh8 16. Bg5 Bxg5 17. fxg5 b4 18. Ne2 e5 19. Bd5 Qc7 20. Bxb7
Qxb7 21. Qh4 Rc8 22. Rd3 f5 23. exf5 Rxf5 24. g4 Qe4 25. Rd2 Rf8 26. Nd4
Qd5 27. g6 h6 28. Qe7 Rf6 29. Qd7 Qc4 30. g5 hxg5 31. Qh3+ Kg8 32. Nf5 Rc7
33. b3 Qe6 34. Qh7+ Kf8 35. Ne3 Rc5 36. Red1 e4 37. Qh8+ Ke7 38. Rd5 Rxg6
39. Rxc5 dxc5 40. Qh5 Kf7 41. Rf1+ Kg8 42. Nf5 Rf6 43. Qxg5 g6 44. Nh6+ Kg7
45. Re1 Qd6 46. Ng4 Qf4+ 47. Qxf4 Rxf4 48. Ne5 Nf6 49. Rg1 Rf2 50. Rxg6+
Kh7 51. Rg1 Nd5 52. Ng4 Re2 53. h4 a5 1/2-1/2

[Event "ECC"]
[Site "Halkidiki GRE"]
[Date "2002.09.25"]
[Round "4"]
[White "Korobov,A"]
[Black "Bezold,M"]
[Result "1-0"]
[WhiteElo "2534"]
[BlackElo "2468"]
[EventDate "2002.09.22"]

1. d4 d6 2. Nf3 g6 3. e4 Bg7 4. Nc3 a6 5. a4 b6 6. Bc4 e6 7. h4 h6 8. Bf4
Ne7 9. Qd2 Nd7 10. O-O Bb7 11. Rad1 Nf6 12. Rfe1 d5 13. exd5 Nexd5 14. Nxd5
Nxd5 15. Bg3 O-O 16. Ne5 h5 17. Bd3 Bf6 18. Be4 Ra7 19. c4 Ne7 20. d5 exd5
21. cxd5 Nc8 22. Bb1 Nd6 23. Qf4 Bg7 24. b4 Ra8 25. Nc4 Nxc4 26. Qxc4 Rc8
27. a5 Qd7 28. Ba2 Rfd8 29. Qf4 bxa5 30. bxa5 Bf8 31. d6 cxd6 32. Qf6 Qf5
33. Bxf7+ Kh7 34. Qxf5 gxf5 35. Bxh5 Rc5 36. Rc1 Rdc8 37. Bf4 Kg7 38. Rb1
Bc6 39. Re6 Rxa5 40. Rb6 Ra4 41. Bh6+ Kg8 42. Rg6+ Kh7 43. Bxf8 Rxh4 44.
Rh6+ Kg8 45. Be7 1-0

[Event "ECC"]
[Site "Halkidiki GRE"]
[Date "2002.09.25"]
[Round "4"]
[White "Palo,D"]
[Black "Habibi,Al"]
[Result "1/2-1/2"]
[WhiteElo "2394"]
[BlackElo "2279"]
[EventDate "2002.09.22"]

1. d4 d6 2. Nf3 g6 3. c4 Bg7 4. Nc3 Nf6 5. e4 c5 6. Be2 cxd4 7. Nxd4 O-O 8.
O-O Nc6 9. Be3 Bd7 10. Qd2 Nxd4 11. Bxd4 Qa5 12. Rfd1 Bc6 13. Nd5 Qxd2 14.
Nxe7+ Kh8 15. Rxd2 Nxe4 16. Bxg7+ Kxg7 17. Rd4 Rfe8 18. Nxc6 bxc6 19. Bd3
f5 20. Rd1 Rad8 21. Bxe4 Rxe4 22. f3 Rxd4 23. Rxd4 Kf6 24. Kf2 Ke5 25. Ke3
Rb8 26. Rd2 f4+ 27. Kd3 d5 28. Re2+ Kd6 29. Kc3 a5 30. b3 Rc8 31. Kd3 Rb8
32. Kc3 Rc8 33. a3 Ra8 34. Re1 Rb8 35. h4 Rf8 36. Re2 Rb8 37. Re1 Rf8 38.
Re2 Rb8 39. cxd5 cxd5 40. b4 axb4+ 41. axb4 Rc8+ 42. Kb3 Rc1 43. Rc2 Rh1
44. Kc3 Rxh4 45. b5 Kc5 46. Rb2 Kb6 47. Kd4 Rh5 48. Rc2 Rg5 49. Rb2 h5 50.
Kc3 h4 51. Kb4 Rg3 52. Re2 g5 53. Re6+ Kb7 54. Re7+ Kc8 55. Re2 h3 56. gxh3
Rxf3 57. Re5 Rxh3 1/2-1/2

[Event "ECC"]
[Site "Halkidiki GRE"]
[Date "2002.09.25"]
[Round "4"]
[White "Hisler,T"]
[Black "Boe,M"]
[Result "1-0"]
[WhiteElo "2247"]
[BlackElo "2390"]
[EventDate "2002.09.22"]

1. e4 c6 2. Nc3 d5 3. Nf3 dxe4 4. Nxe4 Nf6 5. Nxf6+ gxf6 6. d4 Bf5 7. Bd3
Bg6 8. O-O e6 9. Re1 Bg7 10. c3 O-O 11. Nh4 Nd7 12. Nxg6 hxg6 13. Qg4 f5
14. Qg3 Re8 15. Bf4 Nf6 16. Be5 a5 17. Qh4 Nd5 18. Qxd8 Rexd8 19. Rad1 b5
20. Bxg7 Kxg7 21. Be2 Rd6 22. Bf3 Nb6 23. Rc1 Kf6 24. g3 Rad8 25. h4 Nc4
26. b3 Nb6 27. Re5 Nd7 28. Ree1 e5 29. dxe5+ Nxe5 30. Be2 Rd2 31. Red1 Ke7
32. Re1 Rxa2 33. f4 Nd7 34. Bxb5+ Kf6 35. Bxc6 Nc5 36. Rcd1 Rxd1 37. Rxd1
Nxb3 38. Rd6+ Ke7 39. Rd7+ Ke6 40. Ra7 Nd2 41. Be8 Nf3+ 42. Kf1 Nh2+ 43.
Ke1 Nf3+ 44. Kd1 Rd2+ 45. Kc1 Rg2 46. Bxf7+ Kf6 47. Bd5 1-0

[Event "ECC"]
[Site "Halkidiki GRE"]
[Date "2002.09.25"]
[Round "4"]
[White "Schartz,A"]
[Black "Pedersen,F"]
[Result "1/2-1/2"]
[WhiteElo "2196"]
[BlackElo "2266"]
[EventDate "2002.09.22"]

1. e4 c6 2. d4 d5 3. Nd2 dxe4 4. Nxe4 Bf5 5. Ng3 Bg6 6. h4 h6 7. Nf3 Nd7 8.
h5 Bh7 9. Bd3 Bxd3 10. Qxd3 Ngf6 11. Ne4 Nxe4 12. Qxe4 e6 13. Bf4 Be7 14.
Ne5 Qa5+ 15. Bd2 Qd5 16. Qxd5 cxd5 17. Nxd7 Kxd7 18. g4 g5 19. Ke2 f5 20.
f4 Rhg8 21. Rag1 Raf8 22. Rg2 gxf4 23. Bxf4 Bg5 24. Be5 fxg4 25. Rxg4 Rf5
26. Rf1 Rgf8 27. Rxf5 Rxf5 28. Rg3 b6 29. Rc3 Bd8 30. Rg3 Rxh5 31. Rg7+ Kc6
32. Rg6 Be7 33. Rxe6+ Kd7 34. Rg6 Rh1 35. Bb8 b5 36. Bxa7 Bd6 37. Bc5 Rh2+
38. Kd3 Rh3+ 39. Ke2 Rh2+ 40. Kd3 Rh3+ 1/2-1/2

[Event "ECC"]
[Site "Halkidiki GRE"]
[Date "2002.09.25"]
[Round "4"]
[White "Rasmussen,C"]
[Black "Gaspar,L"]
[Result "1-0"]
[WhiteElo "2304"]
[BlackElo "2142"]
[EventDate "2002.09.22"]

1. c4 e5 2. g3 g6 3. Bg2 Bg7 4. Nc3 d6 5. e4 Nf6 6. Nge2 Nc6 7. O-O O-O 8.
f4 Be6 9. d3 Qd7 10. Nd5 Rab8 11. fxe5 Ne8 12. Nf6+ Nxf6 13. exf6 Bh8 14.
Nc3 Bg4 15. Qd2 Rfe8 16. d4 a6 17. Rb1 b5 18. cxb5 axb5 19. b4 Na7 20. Qh6
c5 21. Bg5 cxd4 22. Nd5 Nc6 23. Rf4 d3 24. h3 Ne5 25. Kh1 d2 26. hxg4 Qa7
27. Qh2 Qxa2 28. Rd1 Qc2 29. Qg1 Kf8 30. Rff1 Nc4 31. Qa7 1-0

[Event "ECC"]
[Site "Halkidiki GRE"]
[Date "2002.09.25"]
[Round "4"]
[White "Schammo,J"]
[Black "Rewitz,P"]
[Result "1/2-1/2"]
[WhiteElo "2205"]
[BlackElo "2286"]
[EventDate "2002.09.22"]

1. c4 g6 2. d4 Bg7 3. Nc3 d6 4. e4 Nc6 5. Be3 e5 6. d5 Nce7 7. Bd3 a6 8.
Nge2 f5 9. f3 Nf6 10. O-O f4 11. Bf2 g5 12. b4 g4 13. Kh1 Ng6 14. Qe1 Nh5
15. fxg4 Bxg4 16. Ng1 Qg5 17. Be2 Nf6 18. Nf3 Qh6 19. Kg1 Bd7 20. c5 Ng4
21. a4 Bf6 22. b5 Rg8 23. bxa6 bxa6 24. Rb1 Ne3 25. Bxe3 fxe3 26. c6 Bc8
27. Kh1 Nf4 28. g3 Nh3 29. Nd1 Ng5 30. Nxg5 Bxg5 31. Rb7 Bxb7 32. cxb7 Rb8
33. Bxa6 Kd8 34. Rf5 1/2-1/2

[Event "ECC"]
[Site "Halkidiki GRE"]
[Date "2002.09.25"]
[Round "4"]
[White "Varga,Zo"]
[Black "Coenen,N"]
[Result "1/2-1/2"]
[WhiteElo "2528"]
[BlackElo "2425"]
[EventDate "2002.09.22"]

1. d4 Nf6 2. c4 g6 3. Nc3 d5 4. cxd5 Nxd5 5. Bd2 Bg7 6. e4 Nb6 7. Be3 O-O
8. Be2 Nc6 9. d5 Ne5 10. Bd4 c5 11. Bxc5 Nec4 12. Bxc4 Nxc4 13. Qb3 Nxb2
14. Qxb2 Qc7 15. Bb4 a5 16. Nge2 axb4 17. Qxb4 Bg4 18. f3 Bd7 19. O-O b5
20. Kh1 Qd6 21. Rab1 Rfc8 22. Rfc1 Rab8 23. a3 Rc4 24. Qb3 Rbc8 25. Nxb5
Rxc1+ 26. Nxc1 Qc5 27. Ne2 Qf2 28. Nbc3 Bh3 29. Nf4 Rxc3 30. Qb8+ Bc8 31.
d6 Qd2 32. Ne2 Rc2 33. dxe7 Qd7 34. Nf4 Qxe7 35. Nd5 Qxa3 36. h4 Rc1+ 37.
Rxc1 Qxc1+ 38. Kh2 Qc5 39. Qxc8+ Qxc8 40. Ne7+ Kf8 41. Nxc8 Bd4 42. Kh3 Bc5
43. Kg4 f6 44. f4 h5+ 45. Kf3 Ke8 46. e5 fxe5 47. fxe5 Kd7 48. Kf4 Kxc8 49.
Kg5 Be7+ 50. Kxg6 Bxh4 51. Kxh5 Bg3 52. e6 Kd8 53. Kg4 1/2-1/2

[Event "ECC"]
[Site "Halkidiki GRE"]
[Date "2002.09.25"]
[Round "4"]
[White "Marechal,A"]
[Black "Kosic,D"]
[Result "1/2-1/2"]
[WhiteElo "2288"]
[BlackElo "2542"]
[EventDate "2002.09.22"]

1. e4 e6 2. d4 d5 3. Nc3 Nf6 4. e5 Nfd7 5. f4 c5 6. Nf3 Nc6 7. Be3 cxd4 8.
Nxd4 Bc5 9. Qd2 O-O 10. O-O-O a6 11. h4 Nxd4 12. Bxd4 b5 13. Rh3 b4 14. Na4
Bxd4 15. Qxd4 a5 16. Bb5 Qc7 17. h5 Rb8 18. Bd3 Qc6 19. b3 Ba6 20. g4 Rfc8
21. Rd2 Bxd3 22. Rhxd3 Nc5 23. Nxc5 Qxc5 24. Qxc5 Rxc5 25. Kd1 Rbc8 26. Rd4
h6 27. R4d3 Kf8 28. Rd4 Ke7 29. R4d3 R5c7 30. Rf2 Rc3 31. Rfd2 f6 32. Rxc3
Rxc3 33. Rd3 Rc5 34. Rd4 Kd7 35. Kd2 Ke7 36. Kd1 fxe5 37. fxe5 Rc3 38. Rd3
Rc8 39. Rf3 Rc5 40. Re3 1/2-1/2

[Event "ECC"]
[Site "Halkidiki GRE"]
[Date "2002.09.25"]
[Round "4"]
[White "Rasic,D"]
[Black "Petzold,K"]
[Result "0-1"]
[WhiteElo "2342"]
[BlackElo "2257"]
[EventDate "2002.09.22"]

1. e4 c6 2. d4 d5 3. Nc3 dxe4 4. Nxe4 Nd7 5. Bc4 Ngf6 6. Ng5 e6 7. Qe2 Nb6
8. Bb3 h6 9. N5f3 a5 10. a4 c5 11. Bf4 Bd6 12. Ne5 O-O 13. O-O-O Qe8 14.
dxc5 Bxc5 15. g4 Nfd5 16. Bg3 Nxa4 17. h4 f6 18. Nd3 Be7 19. f4 Nac3 20.
bxc3 Nxc3 21. Qe1 Ba3+ 22. Kd2 a4 23. Bc4 Nxd1 24. Kxd1 Qc6 25. Ba2 Qxh1
26. f5 Ra6 27. fxe6 Re8 28. Nf4 Bc5 29. Kd2 Rd6+ 30. Nd3 Rxd3+ 31. Kxd3
Qxg1 32. e7+ Kh8 33. Qxg1 Bxg1 34. Bd6 Bxg4 35. Bf7 Bd7 0-1

[Event "ECC"]
[Site "Halkidiki GRE"]
[Date "2002.09.25"]
[Round "4"]
[White "Plumanns,D"]
[Black "Hadzic,A"]
[Result "1/2-1/2"]
[WhiteElo "2193"]
[BlackElo "2153"]
[EventDate "2002.09.22"]

1. d4 Nf6 2. Nf3 e6 3. e3 c5 4. Be2 b6 5. O-O Bb7 6. b3 Be7 7. Bb2 cxd4 8.
exd4 O-O 9. Nbd2 Nc6 10. c3 Rc8 11. Rc1 Re8 12. Re1 d6 13. Bc4 Bf8 14. b4
Ne7 15. Bb5 Bc6 16. Ba6 Rb8 17. b5 Ba8 18. c4 Ng6 19. Nb3 Ne4 20. Re3 d5
21. c5 Bb7 22. c6 Bd6 23. Bxb7 Qc7 24. Nbd2 Nxd2 25. Qxd2 Bf4 26. Ne5 Ne7
27. g3 Bxe3 28. Qxe3 Nf5 29. Qa3 Nd6 30. Ba6 f6 31. Nd7 Rbd8 32. Qd3 Nc4
33. Bc3 Qd6 34. Rb1 Kf7 35. Bb4 Qc7 36. Rb3 Kg8 1/2-1/2

[Event "ECC"]
[Site "Halkidiki GRE"]
[Date "2002.09.25"]
[Round "4"]
[White "Sax,G"]
[Black "Polzin,R"]
[Result "1/2-1/2"]
[WhiteElo "2511"]
[BlackElo "2462"]
[EventDate "2002.09.22"]

1. e4 c5 2. Nf3 d6 3. d4 cxd4 4. Nxd4 Nf6 5. Nc3 g6 6. Be3 Bg7 7. f3 O-O 8.
Qd2 Nc6 9. O-O-O d5 10. Qe1 e5 11. Nxc6 bxc6 12. exd5 Nxd5 13. Bc4 Be6 14.
Ne4 Qc7 15. Bc5 Rfd8 16. h4 h6 17. g4 f5 18. gxf5 gxf5 19. Ng3 Qf7 20. Qa5
Rdb8 21. Rhg1 Kh8 22. Ne2 Ne7 23. Bxe6 1/2-1/2

[Event "ECC"]
[Site "Halkidiki GRE"]
[Date "2002.09.25"]
[Round "4"]
[White "Horvath,Cs"]
[Black "Poldauf,D"]
[Result "1-0"]
[WhiteElo "2517"]
[BlackElo "2410"]
[EventDate "2002.09.22"]

1. Nf3 Nf6 2. g3 g6 3. b3 Bg7 4. Bb2 d6 5. d4 c5 6. Bg2 cxd4 7. Nxd4 d5 8.
c4 e5 9. Nc2 d4 10. e3 d3 11. Nb4 e4 12. Nd5 O-O 13. Nxf6+ Bxf6 14. Nc3
Bxc3+ 15. Bxc3 Qe7 16. f3 Bf5 17. O-O Qg5 18. Qd2 exf3 19. Rxf3 Nc6 20. Rf4
Rad8 21. Raf1 Rd7 22. R1f2 Be6 23. Bd5 Bxd5 24. cxd5 Qxd5 25. e4 Qc5 26. b4
Qb5 27. Rh4 f5 28. Qh6 Rff7 29. Qxg6+ 1-0

[Event "ECC"]
[Site "Halkidiki GRE"]
[Date "2002.09.25"]
[Round "4"]
[White "Thiede,L"]
[Black "Horvath,Ta1"]
[Result "1/2-1/2"]
[WhiteElo "2416"]
[BlackElo "2411"]
[EventDate "2002.09.22"]

1. g3 g6 2. c4 Bg7 3. Bg2 e5 4. Nc3 Nf6 5. Nf3 d6 6. O-O O-O 7. d3 Re8 8.
Rb1 a5 9. a3 Na6 10. Bg5 h6 11. Bxf6 Bxf6 12. b4 Bg7 13. b5 Nc5 14. Nd2 Bd7
15. Na4 Nxa4 16. Qxa4 Qb8 17. Rfe1 Qa7 18. b6 Bxa4 19. bxa7 Rxa7 20. Bxb7
Rb8 21. Bf3 Rd8 22. Ne4 Be8 23. Nc3 c6 24. Rb6 Rc8 25. Reb1 Bf8 26. Rb7
Rxb7 27. Rxb7 d5 28. cxd5 Bxa3 29. Ne4 cxd5 30. Nf6+ Kg7 31. Nxe8+ 1/2-1/2

[Event "ECC"]
[Site "Halkidiki GRE"]
[Date "2002.09.25"]
[Round "4"]
[White "Kovacevic,A"]
[Black "Seitaj,I"]
[Result "1-0"]
[WhiteElo "2551"]
[BlackElo "2406"]
[EventDate "2002.09.22"]

1. e4 e5 2. Nf3 Nc6 3. Bb5 f5 4. Nc3 fxe4 5. Nxe4 d5 6. Nxe5 dxe4 7. Nxc6
Qg5 8. Qe2 Nf6 9. f4 Qxf4 10. Ne5+ c6 11. d4 Qh4+ 12. g3 Qh3 13. Bc4 Be6
14. Bg5 Bd6 15. O-O-O O-O 16. Bxf6 gxf6 17. Bxe6+ Qxe6 18. Nc4 Bc7 19. Kb1
f5 20. Ne3 Rad8 21. Ng2 f4 22. gxf4 Bxf4 23. Nxf4 Rxf4 24. Rhg1+ Kh8 25.
Rg5 Rd5 26. Rg3 Rdf5 27. b3 Rf3 28. Rxf3 Rxf3 29. Rg1 Rf8 30. Qe3 Rg8 31.
Rf1 Re8 32. a4 a6 33. Rf4 Qe7 34. Rf5 Qg7 35. h3 Qg6 36. Rf4 Qe6 37. Rg4
Qe7 38. Kb2 Qe6 39. Kc3 Qe7 40. Kd2 Qe6 41. Qg5 Qf7 42. Qf4 e3+ 43. Ke2
Qxf4 44. Rxf4 Kg7 45. Rf3 Re7 46. a5 Kg6 47. Rxe3 Rd7 48. Re4 Kf6 49. b4
Rg7 50. Rf4+ Ke6 51. Rg4 Rf7 52. c4 Kf5 53. Kf3 Ke6+ 54. Rf4 Rg7 55. Rh4
Kf5 56. Rh5+ Kg6 57. Kg4 Rd7 58. d5 cxd5 59. Rxd5 Rc7 60. Rd6+ Kf7 61. c5
Ke8 62. h4 Rf7 63. h5 Ke7 64. h6 Ke8 65. Kg5 Ke7 66. Rb6 Kd8 67. c6 bxc6
68. Rxa6 Rb7 69. Rb6 Rc7 70. a6 c5 71. bxc5 Rxc5+ 72. Kf6 Ra5 73. Kg7 Ke7
74. Rb7+ Ke6 75. a7 1-0

[Event "ECC"]
[Site "Halkidiki GRE"]
[Date "2002.09.25"]
[Round "4"]
[White "Rama,L"]
[Black "Ilincic,Z"]
[Result "0-1"]
[WhiteElo "2348"]
[BlackElo "2532"]
[EventDate "2002.09.22"]

1. d4 Nf6 2. c4 e6 3. g3 d5 4. Nf3 dxc4 5. Bg2 c6 6. O-O b5 7. e3 Bb7 8. a4
a6 9. Qe2 Nbd7 10. Rd1 Be7 11. Nc3 Qb6 12. e4 h6 13. a5 Qd8 14. Nh4 g5 15.
Nf3 Bb4 16. d5 exd5 17. Nd4 Kf8 18. e5 Ng8 19. e6 Nc5 20. exf7 Nf6 21. f4
g4 22. f5 Kxf7 23. Ne6 Qe7 24. Be3 Nxe6 25. fxe6+ Qxe6 26. Qf2 Raf8 27. Rf1
Ke8 28. Bc5 Bxc5 29. Qxc5 Nd7 30. Qa7 Rxf1+ 31. Bxf1 Bc8 32. Ne2 Kd8 33.
Nf4 Qd6 34. Qf2 Re8 35. Be2 Qc5 36. Bxg4 Qxf2+ 37. Kxf2 Nc5 38. Bxc8 Kxc8
39. Kf3 d4 40. Rd1 d3 41. b4 cxb3 42. Nxd3 Rd8 0-1

[Event "ECC"]
[Site "Halkidiki GRE"]
[Date "2002.09.25"]
[Round "4"]
[White "Solak,D"]
[Black "Mehmeti,D"]
[Result "1-0"]
[WhiteElo "2515"]
[BlackElo "2302"]
[EventDate "2002.09.22"]

1. e4 c5 2. b3 d6 3. Bb2 Nf6 4. Bb5+ Bd7 5. Bxd7+ Qxd7 6. Qe2 Nc6 7. d3 g6
8. f4 Bg7 9. Nf3 O-O 10. O-O Nh5 11. Bxg7 Nxg7 12. Nbd2 Ne6 13. f5 Ned4 14.
Nxd4 Nxd4 15. Qd1 f6 16. Nf3 e5 17. c3 Nc6 18. fxg6 hxg6 19. d4 cxd4 20.
cxd4 Qg4 21. dxe5 dxe5 22. Qd5+ Rf7 23. Rad1 Rd8 24. Nxe5 Rxd5 25. Nxg4
Rxd1 26. Rxd1 Kg7 27. Kf2 Re7 28. Kf3 Kf7 29. Rd6 Re6 30. Rd7+ Re7 31.
Rxe7+ Kxe7 32. Ke3 Ke6 33. Nf2 f5 34. h4 Ne5 35. Nd3 Nd7 36. Kf4 fxe4 37.
Kxe4 a5 38. a4 b6 39. g4 Nf6+ 40. Kf4 Nh7 41. Ne5 1-0

[Event "ECC"]
[Site "Halkidiki GRE"]
[Date "2002.09.25"]
[Round "4"]
[White "Karkanaqe,I"]
[Black "Popovic,Pe"]
[Result "1/2-1/2"]
[WhiteElo "2375"]
[BlackElo "2525"]
[EventDate "2002.09.22"]

1. Nf3 Nf6 2. g3 g6 3. Bg2 Bg7 4. O-O O-O 5. d4 d5 6. c3 Nc6 7. Bf4 Nh5 8.
Be3 Nf6 9. Bf4 Be6 10. Ne5 Nxe5 11. Bxe5 c6 12. Nd2 Qd7 13. Re1 Bh3 14. Bh1
Bf5 15. e4 dxe4 16. Nxe4 Nxe4 17. Bxe4 Bg4 18. Bf3 Bxf3 1/2-1/2

[Event "ECC"]
[Site "Halkidiki GRE"]
[Date "2002.09.25"]
[Round "4"]
[White "Adhami,V"]
[Black "Lazic,Mi"]
[Result "0-1"]
[WhiteElo "2282"]
[BlackElo "2459"]
[EventDate "2002.09.22"]

1. e4 e5 2. Nf3 Nc6 3. Bb5 a6 4. Ba4 Nge7 5. O-O d6 6. c3 Bd7 7. d4 Ng6 8.
Be3 Be7 9. Nbd2 h6 10. Re1 Bg5 11. Nf1 Qf6 12. d5 Nb8 13. Bxd7+ Nxd7 14.
Ng3 Bxe3 15. fxe3 Nh4 16. Rf1 Nxf3+ 17. Rxf3 Qg6 18. Qc2 h5 19. Raf1 f6 20.
b4 Qh7 21. h4 O-O 22. c4 a5 23. b5 a4 24. a3 g6 25. Ne2 Qe7 26. Nc3 Nc5 27.
Qf2 Kg7 28. Rg3 Kh7 29. Rf3 Nd7 30. Qc2 Nb6 31. Na2 Kg7 32. Rg3 Rf7 33. Qe2
Kh6 34. Rgf3 Raf8 35. Qc2 f5 36. exf5 Qxh4 37. e4 gxf5 38. exf5 Qxc4 39.
Qd2+ Kh7 40. Qg5 Qg4 41. Rg3 Qxg5 42. Rxg5 Nxd5 43. Rxh5+ Kg8 44. Rh4 Rxf5
45. Rxf5 Rxf5 46. Rxa4 b6 47. Rc4 Rf7 48. Nc3 Nxc3 49. Rxc3 e4 50. Rc4 d5
51. Rd4 e3 0-1

[Event "ECC"]
[Site "Halkidiki GRE"]
[Date "2002.09.25"]
[Round "4"]
[White "Bischoff,K"]
[Black "Har Zvi,R"]
[Result "1/2-1/2"]
[WhiteElo "2554"]
[BlackElo "2505"]
[EventDate "2002.09.22"]

1. Nf3 c5 2. g3 Nc6 3. Bg2 g6 4. O-O Bg7 5. c3 e5 6. d3 Nge7 7. a3 a5 8. a4
O-O 9. e4 d6 10. Na3 h6 11. Nd2 Be6 12. Ndc4 d5 13. exd5 Nxd5 14. Re1 Rb8
15. Nb5 Qd7 16. Nbd6 1/2-1/2

[Event "ECC"]
[Site "Halkidiki GRE"]
[Date "2002.09.25"]
[Round "4"]
[White "Hoelzl,F"]
[Black "Kantsler,B"]
[Result "1/2-1/2"]
[WhiteElo "2393"]
[BlackElo "2487"]
[EventDate "2002.09.22"]

1. c4 g6 2. d4 Bg7 3. Nc3 d6 4. Bg5 Nf6 5. e3 Nbd7 6. Be2 c6 7. Nf3 h6 8.
Bh4 g5 9. Bg3 Nh5 10. Nd2 Nxg3 11. hxg3 a6 12. Qc2 Nf6 13. Rd1 b5 14. b4
Bd7 15. Nb3 Qc8 16. Rc1 bxc4 17. Bxc4 Qb7 18. a3 c5 19. O-O cxb4 20. Na5
Qb6 21. axb4 O-O 22. Qb3 Rab8 23. Rb1 Rbc8 24. Rfc1 Rc7 25. Ra1 e6 26. Be2
Rb8 27. Nc4 Qxb4 28. Qa2 d5 29. Rab1 Qf8 30. Rxb8 Qxb8 31. Ne5 Bb5 32. Qb2
Qc8 33. Bxb5 axb5 34. Nd3 Ne4 35. Nxb5 Rxc1+ 36. Qxc1 Qc4 37. Qxc4 dxc4 38.
Nb2 c3 39. Nd3 Kf8 40. f3 1/2-1/2

[Event "ECC"]
[Site "Halkidiki GRE"]
[Date "2002.09.25"]
[Round "4"]
[White "Zoler,D"]
[Black "Steflitsch,E"]
[Result "1/2-1/2"]
[WhiteElo "2503"]
[BlackElo "2399"]
[EventDate "2002.09.22"]

1. d4 Nf6 2. c4 c5 3. d5 b5 4. cxb5 a6 5. bxa6 g6 6. Nc3 Bxa6 7. f4 Qa5 8.
Bd2 Qb6 9. Qc2 d6 10. Nf3 Bg7 11. e4 Bxf1 12. Rxf1 O-O 13. e5 dxe5 14. fxe5
Nfd7 15. e6 fxe6 16. Qe4 Na6 17. Qxe6+ Qxe6+ 18. dxe6 Nb6 19. Ng5 Rxf1+ 20.
Kxf1 Nc4 21. Ke2 Nb4 22. Rf1 Nxb2 23. Rf7 Nc4 24. Be1 Nc6 25. Kf1 Ne3+ 26.
Kg1 Nf5 27. g4 Nfd4 28. Rf1 h6 29. Nge4 Nxe6 30. a4 Ng5 31. Nxg5 hxg5 32.
h3 Bxc3 33. Bxc3 Rxa4 34. Bd2 Ra3 35. Bxg5 Rxh3 36. Rc1 Rg3+ 37. Kh2 Rxg4
38. Rxc5 e5 39. Bf6 Nd4 40. Bxe5 Nf3+ 41. Kh3 Nxe5 42. Rxe5 1/2-1/2

[Event "ECC"]
[Site "Halkidiki GRE"]
[Date "2002.09.25"]
[Round "4"]
[White "Titz,Hei"]
[Black "Stisis,Y"]
[Result "1-0"]
[WhiteElo "2309"]
[BlackElo "2405"]
[EventDate "2002.09.22"]

1. c4 e5 2. g3 g6 3. Bg2 Bg7 4. Nc3 Ne7 5. Nf3 c5 6. O-O Nbc6 7. d3 d6 8.
a3 O-O 9. Rb1 a5 10. Bd2 h6 11. Ne1 g5 12. Nc2 f5 13. b4 axb4 14. axb4 cxb4
15. Nxb4 Nxb4 16. Rxb4 Nc6 17. Rb1 f4 18. Nd5 Nd4 19. Bc3 Ra2 20. Bxd4 exd4
21. Ra1 Rxa1 22. Qxa1 Bg4 23. Re1 Qe8 24. Qd1 Qf7 25. gxf4 gxf4 26. Bf3 Qh5
27. Kh1 Kh8 28. Bxg4 Qxg4 29. Rg1 Qe6 30. f3 Be5 31. Qf1 Rg8 32. Rxg8+ Kxg8
33. Qg2+ Kf7 34. Qg4 Qxg4 35. fxg4 Kg6 36. Kg2 Kg5 37. h3 Kh4 38. Ne7 Kg5
39. Kf3 Kh4 40. Nf5+ Kxh3 41. Nxh6 d5 42. Nf7 dxc4 43. dxc4 Bg7 44. Ng5+
Kh4 45. Ne6 Be5 46. Nxf4 Kg5 47. Ne6+ Kg6 48. Ke4 Bf6 49. Nc5 b6 50. Nd7
Bd8 51. Kxd4 Kg5 52. Ne5 Bc7 53. Ke4 Bb8 54. Nd7 Bc7 55. Ne5 Bb8 56. e3 Bc7
57. Kd5 Kh4 58. e4 Kg5 59. Nf7+ Kxg4 60. Kc6 Bg3 61. Kxb6 Kf4 62. e5 Kf5
63. c5 Bf2 64. Kb5 Ke6 65. c6 Ke7 66. Ka6 1-0

[Event "ECC"]
[Site "Halkidiki GRE"]
[Date "2002.09.25"]
[Round "4"]
[White "Bitansky,I"]
[Black "Genser,H"]
[Result "1-0"]
[WhiteElo "2337"]
[BlackElo "2248"]
[EventDate "2002.09.22"]

1. e4 e6 2. d3 d5 3. Qe2 Nf6 4. Nf3 c5 5. g3 Nc6 6. Bg2 b6 7. O-O Bb7 8. e5
Nd7 9. c4 d4 10. Re1 Qc7 11. h4 h6 12. h5 Be7 13. Nbd2 O-O-O 14. a3 Rdg8
15. b4 cxb4 16. Nb3 Rd8 17. axb4 Bxb4 18. Ba3 Bxa3 19. Rxa3 Ndb8 20. Qb2
Qd7 21. Rb1 Qc7 22. Nfxd4 a6 23. Nxc6 Bxc6 24. Bxc6 Qxc6 25. Na5 Qc7 26.
Qxb6 Rd7 27. Rab3 1-0

[Event "ECC"]
[Site "Halkidiki GRE"]
[Date "2002.09.25"]
[Round "4"]
[White "Couso,L"]
[Black "Kindermann,S"]
[Result "1/2-1/2"]
[WhiteElo "2345"]
[BlackElo "2519"]
[EventDate "2002.09.22"]

1. e4 e6 2. d4 d5 3. Nc3 Bb4 4. e5 Ne7 5. Bd2 c5 6. dxc5 Nbc6 7. Qg4 O-O 8.
Bd3 Ng6 9. f4 f5 10. exf6 e5 11. Qh5 Qxf6 12. Nf3 Bxc3 13. bxc3 Bf5 14.
Qxf5 Qxf5 15. Bxf5 Rxf5 16. fxe5 Ngxe5 17. O-O Nxf3+ 18. Rxf3 Rxf3 19. gxf3
1/2-1/2

[Event "ECC"]
[Site "Halkidiki GRE"]
[Date "2002.09.25"]
[Round "4"]
[White "Teske,H"]
[Black "Bergstrom,P"]
[Result "1-0"]
[WhiteElo "2529"]
[BlackElo "2306"]
[EventDate "2002.09.22"]

1. d4 d5 2. Nf3 Nf6 3. c4 c6 4. Nc3 dxc4 5. e3 b5 6. a4 b4 7. Na2 a5 8.
Bxc4 e6 9. O-O Be7 10. b3 O-O 11. Bb2 Nbd7 12. Nc1 Bb7 13. Nd3 c5 14. Rc1
Rc8 15. Qe2 Rc7 16. dxc5 Qa8 17. Rfd1 Nxc5 18. Be5 Nxd3 19. Rxd3 Rcc8 20.
Rcd1 Rfd8 21. Ne1 Rxd3 22. Rxd3 Ne4 23. Rd4 Bf6 24. Nd3 Rd8 25. f3 Bxe5 26.
Nxe5 Rxd4 27. exd4 Nf6 28. Nxf7 Kxf7 29. Qxe6+ Kg6 30. Bd3+ Kh6 31. Qh3+
Nh5 32. g4 Qe8 33. Kf2 Bd5 34. g5+ Kxg5 35. Qf5+ Kh6 36. Qxh7+ Kg5 37. h4+
Kf6 38. Qf5+ Ke7 39. Qxd5 Qb8 40. Qxh5 Qh2+ 41. Ke3 Qg1+ 42. Ke4 Qe1+ 43.
Kf5 Qe6+ 44. Kf4 1-0